[Event "9th Semana Santa Alicante"]
[Site "San Vicente ESP"]
[Date "2025.04.18"]
[Round "5.16"]
[White "Kiladze, Luka"]
[Black "Mamedov, Edgar"]
[Result "1/2-1/2"]
[WhiteTitle "FM"]
[BlackTitle "IM"]
[WhiteElo "2380"]
[BlackElo "2453"]
[WhiteFideId "13623389"]
[BlackFideId "13739980"]
[EventDate "2025.04.16"]

1. d4 d5 2. Nf3 Nf6 3. Bf4 c5 4. e3 Nc6 5. Nbd2 h6 6. c3 Qb6 7. Qb3 e6 8. Qxb6
axb6 9. Bb5 Bd7 10. Bc7 Rc8 11. Bxb6 Nxd4 12. exd4 Bxb5 13. a4 Bd7 14. Bxc5 Bxc5
15. dxc5 Rxc5 16. Ne5 Ke7 17. Nb3 Rc7 18. f3 Ra8 19. a5 Bc8 20. Kd2 Ne8 21. Rhe1
Nd6 22. Nd3 Kf8 23. Kc2 Nc4 24. f4 f6 25. Nd4 Kf7 26. Nb5 Rc6 27. b3 Nd6 28.
Nxd6+ Rxd6 29. Nc5 Rd8 30. Kd3 g5 31. g3 gxf4 32. gxf4 Rg8 33. b4 Rg4 34. Rf1
Rh4 35. Rae1 Rb8 36. Re3 b6 37. axb6 Rxb6 38. h3 Ba6+ 39. Nxa6 Rxa6 40. Rg3 Ke7
41. Rff3 Ra2 42. Rg7+ Kd6 43. Rg6 Rh2 1/2-1/2

[Event "9th Semana Santa Alicante"]
[Site "San Vicente ESP"]
[Date "2025.04.18"]
[Round "5.17"]
[White "Bhagat Kush"]
[Black "Stearman, Josiah"]
[Result "0-1"]
[WhiteTitle "FM"]
[BlackTitle "IM"]
[WhiteElo "2301"]
[BlackElo "2441"]
[WhiteFideId "46672940"]
[BlackFideId "2062496"]
[EventDate "2025.04.16"]

1. e4 c5 2. Nf3 e6 3. b3 Nc6 4. Bb2 Qc7 5. g3 Nf6 6. e5 Ng4 7. Bg2 Ngxe5 8. Nxe5
Nxe5 9. O-O f6 10. Re1 Be7 11. f4 Nf7 12. Nc3 O-O 13. Nd5 Qd6 14. Nxe7+ Qxe7 15.
d4 Rb8 16. d5 b6 17. Qe2 Re8 18. Rad1 Bb7 19. Bh3 c4 20. d6 Qd8 21. Qxc4 Rc8 22.
Qd3 Rc6 23. Ba3 b5 24. Bg2 Qb6+ 25. Re3 b4 26. Bxb4 Qxb4 27. Bxc6 Bxc6 28. c3
Qa3 29. Qd2 Nh6 30. c4 Ng4 31. Rc3 Qc5+ 32. Qd4 Qh5 33. Qe3 0-1

[Event "9th Semana Santa Alicante"]
[Site "San Vicente ESP"]
[Date "2025.04.18"]
[Round "5.18"]
[White "Chasin, Nico"]
[Black "Sai, Krishna G V"]
[Result "1-0"]
[WhiteTitle "IM"]
[BlackTitle "IM"]
[WhiteElo "2435"]
[BlackElo "2384"]
[WhiteFideId "30908477"]
[BlackFideId "5028280"]
[EventDate "2025.04.16"]

1. d4 Nf6 2. c4 g6 3. Nc3 Bg7 4. e4 d6 5. h3 O-O 6. Be3 a5 7. Be2 Nbd7 8. Nf3 e5
9. d5 Nc5 10. Qc2 Nh5 11. g3 f5 12. exf5 gxf5 13. Nxe5 f4 14. gxf4 Nxf4 15. Rg1
Qe7 16. Ng4 h5 17. Bxf4 Rxf4 18. Ne3 Qe5 19. Qg6 Ne4 20. Nxe4 Rxe4 21. Rd1 Rf4
22. Rd2 Bd7 23. Bd3 Re8 24. Re2 Qf6 25. Qxh5 Re5 26. Qh7+ Kf8 27. Rg6 Qe7 28.
Rg3 Qf6 29. Ng2 Rxe2+ 30. Bxe2 Rf5 1-0

[Event "9th Semana Santa Alicante"]
[Site "San Vicente ESP"]
[Date "2025.04.18"]
[Round "5.20"]
[White "Krstulovic, Alex"]
[Black "Trigo Urquijo, Sergio"]
[Result "1-0"]
[WhiteTitle "IM"]
[BlackTitle "FM"]
[WhiteElo "2429"]
[BlackElo "2354"]
[WhiteFideId "760056"]
[BlackFideId "2262436"]
[EventDate "2025.04.16"]

1. d4 Nf6 2. c4 e6 3. Nc3 Bb4 4. e3 c5 5. a3 Bxc3+ 6. bxc3 d6 7. Ne2 e5 8. Ng3
Qe7 9. Be2 Nc6 10. d5 Nb8 11. e4 g6 12. Bh6 Kd8 13. O-O Nbd7 14. Qd2 Ne8 15.
Rab1 Kc7 16. f4 exf4 17. Bxf4 f6 18. Qb2 h5 19. Nh1 g5 20. Bd2 Ng7 21. Nf2 f5
22. Nh3 f4 23. g3 fxg3 24. Bxg5 gxh2+ 25. Kxh2 Qe5+ 26. Bf4 Qxe4 27. Ng5 Qe7 28.
Nf7 Qh4+ 29. Kg1 Nf5 30. Nxh8 Ng3 31. Nf7 Ne5 32. Bxe5 1-0

[Event "9th Semana Santa Alicante"]
[Site "San Vicente ESP"]
[Date "2025.04.18"]
[Round "5.21"]
[White "Alshameary Puente, Ismael"]
[Black "Puranik, Abhimanyu"]
[Result "0-1"]
[WhiteTitle "IM"]
[BlackTitle "GM"]
[WhiteElo "2363"]
[BlackElo "2636"]
[WhiteFideId "2225166"]
[BlackFideId "5061245"]
[EventDate "2025.04.16"]

1. d4 Nf6 2. c4 e6 3. Nf3 b6 4. Bf4 Bb7 5. e3 Be7 6. Nc3 O-O 7. Bd3 d5 8. cxd5
exd5 9. Ne5 a6 10. O-O c5 11. dxc5 bxc5 12. Qc2 Bd6 13. Bg3 g6 14. Qa4 Nh5 15.
Bh4 Qc7 16. Nf3 Nd7 17. Rac1 Ne5 18. Nxe5 Bxe5 19. f4 Bg7 20. Bf2 Rfe8 21. Be2
d4 22. Nd1 Nxf4 0-1

[Event "9th Semana Santa Alicante"]
[Site "San Vicente ESP"]
[Date "2025.04.18"]
[Round "5.22"]
[White "Ritviz, Parab"]
[Black "Stremavicius, Titas"]
[Result "0-1"]
[WhiteTitle "IM"]
[BlackTitle "GM"]
[WhiteElo "2363"]
[BlackElo "2551"]
[WhiteFideId "5073367"]
[BlackFideId "12804444"]
[EventDate "2025.04.16"]

1. e4 c5 2. Nf3 e6 3. b3 a6 4. Bb2 Nc6 5. c4 Nf6 6. e5 Ng4 7. h3 Nh6 8. Bd3 d6
9. exd6 f5 10. Bc2 Qxd6 11. d4 cxd4 12. O-O Be7 13. Ba3 Nb4 14. Qd2 O-O 15. Nxd4
Rd8 16. Nf3 Qxd2 17. Nbxd2 e5 18. Rad1 e4 19. Ne5 Re8 20. Bb1 a5 21. Rfe1 Nc2
22. Bxe7 Nxe1 23. Bd6 Nd3 24. Nxd3 exd3 25. Bxd3 Nf7 26. Bc7 a4 27. b4 Be6 28.
a3 Re7 29. Bb6 Rd7 30. Bf1 Ne5 31. Re1 Rxd2 32. Rxe5 Kf7 33. Kh2 Rc8 34. Bc5 Ra2
35. b5 Rd8 36. Bb4 Rxf2 37. Be2 Rf4 38. Bf3 Rxc4 39. Bxb7 Rxb4 40. axb4 a3 41.
Re1 Rd4 0-1

[Event "9th Semana Santa Alicante"]
[Site "San Vicente ESP"]
[Date "2025.04.18"]
[Round "5.23"]
[White "Li, Guohao"]
[Black "Dragnev, Valentin"]
[Result "0-1"]
[BlackTitle "GM"]
[WhiteElo "2356"]
[BlackElo "2538"]
[WhiteFideId "8619999"]
[BlackFideId "1634852"]
[EventDate "2025.04.16"]

1. d4 Nf6 2. Nf3 e6 3. c4 h6 4. Nc3 Bb4 5. Qc2 d5 6. cxd5 exd5 7. Bf4 c5 8. a3
Bxc3+ 9. bxc3 c4 10. Nd2 O-O 11. e3 Nc6 12. Be2 Ne7 13. h3 Bf5 14. Qb2 Ng6 15.
Bg3 Qd7 16. a4 Rac8 17. Qb5 Rc6 18. O-O Re8 19. Bf3 h5 20. a5 a6 21. Qb2 h4 22.
Bh2 Re7 23. Ra4 Nh7 24. Rb4 Ng5 25. Kh1 Nxf3 26. gxf3 Bd3 27. Rg1 Qxh3 28. Rxb7
Be2 29. Rxe7 Bxf3+ 30. Nxf3 Qxf3+ 31. Rg2 h3 0-1

[Event "9th Semana Santa Alicante"]
[Site "San Vicente ESP"]
[Date "2025.04.18"]
[Round "5.24"]
[White "Vrolijk, Liam"]
[Black "Perez Marimon, Jorge De Jesus"]
[Result "1/2-1/2"]
[WhiteTitle "GM"]
[BlackTitle "FM"]
[WhiteElo "2520"]
[BlackElo "2364"]
[WhiteFideId "1048333"]
[BlackFideId "3524582"]
[EventDate "2025.04.16"]

1. d4 d5 2. c4 dxc4 3. Nf3 a6 4. e3 e6 5. Bxc4 Nf6 6. O-O Be7 7. Qe2 O-O 8. Rd1
b5 9. Bd3 Nbd7 10. a4 b4 11. a5 c5 12. Nbd2 cxd4 13. exd4 Bb7 14. Nc4 Nd5 15.
Bd2 N7f6 16. Nfe5 b3 17. Bb1 Nb4 18. Bxb4 Bxb4 19. Qd3 Qd5 20. Ne3 Qb5 21. N5c4
Be7 22. Nb6 Qxd3 23. Bxd3 Rad8 24. Bc4 Rd6 25. Bxb3 Rfd8 26. Rac1 Ne8 27. d5 Bg5
28. dxe6 fxe6 29. Rxd6 Rxd6 30. Re1 Nc7 31. Na4 Rd2 32. Nc5 Bxe3 33. Rxe3 Rxb2
34. h4 Bd5 35. Nxe6 Rxb3 36. Nxc7 Rxe3 37. fxe3 Bc4 38. e4 Kf7 39. Kf2 Kf6 40.
Ke3 Ke5 41. g4 h6 42. g5 hxg5 43. hxg5 Bf1 44. Ne8 g6 45. Nf6 Bh3 46. Nd5 Bg2
47. Nf6 Bh3 48. Nd5 Bg2 49. Nb4 Bxe4 50. Nxa6 Kf5 1/2-1/2

[Event "9th Semana Santa Alicante"]
[Site "San Vicente ESP"]
[Date "2025.04.18"]
[Round "5.25"]
[White "Lopez Varela, Pablo"]
[Black "Ioannidis, Evgenios"]
[Result "1-0"]
[WhiteTitle "FM"]
[BlackTitle "GM"]
[WhiteElo "2350"]
[BlackElo "2513"]
[WhiteFideId "32092105"]
[BlackFideId "4229274"]
[EventDate "2025.04.16"]

1. e4 e5 2. Nf3 Nc6 3. d4 exd4 4. Bc4 Nf6 5. e5 Ne4 6. Qe2 Nc5 7. O-O Be7 8. Rd1
d5 9. Bb5 O-O 10. Bxc6 bxc6 11. Nxd4 Qd7 12. c4 f6 13. e6 Nxe6 14. Nxc6 Qxc6 15.
cxd5 Nd4 16. Qxe7 Qc2 17. Nc3 Bg4 18. Rf1 Rae8 19. Qc5 Nf3+ 20. Kh1 Qf5 21. Qxc7
Re5 22. Qc4 g5 23. Be3 Rc8 24. Qb3 Nh4 25. d6+ Kh8 26. Qb7 Rxc3 27. bxc3 Bf3 28.
d7 Rd5 29. Qc8+ Kg7 30. d8=Q Bxg2+ 31. Kg1 Qf3 32. Qb7+ 1-0

[Event "9th Semana Santa Alicante"]
[Site "San Vicente ESP"]
[Date "2025.04.18"]
[Round "5.26"]
[White "Balakrishnan, Praveen"]
[Black "Domingo Nunez, Alejandro"]
[Result "1-0"]
[WhiteTitle "GM"]
[BlackTitle "FM"]
[WhiteElo "2489"]
[BlackElo "2339"]
[WhiteFideId "2064871"]
[BlackFideId "22245561"]
[EventDate "2025.04.16"]

1. e4 c5 2. Nf3 e6 3. d4 cxd4 4. Nxd4 Nc6 5. Nc3 Qc7 6. Be3 a6 7. Bd3 Nf6 8. Qe2
Nxd4 9. Bxd4 Bc5 10. Bxc5 Qxc5 11. e5 Nd5 12. Nxd5 Qxd5 13. h4 d6 14. exd6 Bd7
15. O-O-O Qxa2 16. Qe5 Qa1+ 17. Kd2 Qa4 18. Rde1 Bc6 19. d7+ Kxd7 20. b3 Qb4+
21. Kc1 Qd6 22. Qxg7 Qf4+ 23. Kb1 Rhg8 24. Qxh7 Rxg2 25. Be4 Bxe4 26. Rxe4 Qxf2
27. Rd1+ Kc6 28. Rc4+ Kb6 29. Qe4 a5 30. Rd7 Rb8 31. Rcc7 Rg1+ 32. Ka2 Qf1 33.
Rxb7+ Rxb7 34. Qxb7+ Kc5 35. Qc8+ 1-0

[Event "9th Semana Santa Alicante"]
[Site "San Vicente ESP"]
[Date "2025.04.18"]
[Round "5.27"]
[White "Diaz Velandia, Jose Manuel"]
[Black "Diaz Camallonga, Carles"]
[Result "0-1"]
[WhiteTitle "FM"]
[BlackTitle "IM"]
[WhiteElo "2337"]
[BlackElo "2487"]
[WhiteFideId "3901939"]
[BlackFideId "22235256"]
[EventDate "2025.04.16"]

1. d4 d5 2. Nf3 Nf6 3. e3 c5 4. c3 e6 5. Nbd2 Nc6 6. Bd3 Bd6 7. O-O O-O 8. dxc5
Bxc5 9. e4 Qc7 10. h3 b6 11. Re1 h6 12. e5 Nd7 13. Qe2 f6 14. exf6 Rxf6 15. b4
Bd6 16. Bb2 Nde5 17. c4 Nxd3 18. Qxd3 Nxb4 19. Qb3 Rf8 20. a3 Na6 21. cxd5 Nc5
22. Qa2 Qf7 23. Nc4 Bf4 24. d6 Bb7 25. Nce5 Bxe5 26. Bxe5 Bxf3 27. gxf3 Qg6+ 28.
Bg3 Rxf3 29. Qe2 Raf8 30. Kh2 Qd3 31. Rad1 Qxe2 32. Rxe2 Rd8 33. Re3 Rxe3 34.
fxe3 Kf7 35. Be5 Nd7 36. Rf1+ Kg8 37. Bg3 Rc8 38. e4 e5 39. Bh4 g5 40. Bg3 Rc2+
41. Kg1 Rc6 42. h4 gxh4 43. Bxh4 Rxd6 44. Kf2 Rd3 45. a4 Ra3 46. Rh1 Rxa4 47.
Kf3 Kf7 48. Bf2 Nf6 49. Rc1 Nxe4 50. Be3 Ng5+ 51. Ke2 Ra2+ 52. Kd3 Ra3+ 53. Ke2
Ke6 54. Rc6+ Kd5 55. Rxh6 Ne6 56. Bc1 Nd4+ 57. Kf2 Ra2+ 0-1

[Event "9th Semana Santa Alicante"]
[Site "San Vicente ESP"]
[Date "2025.04.18"]
[Round "5.28"]
[White "Frayna, Janelle Mae"]
[Black "Szpar, Milosz"]
[Result "0-1"]
[WhiteTitle "WGM"]
[BlackTitle "IM"]
[WhiteElo "2311"]
[BlackElo "2481"]
[WhiteFideId "5212499"]
[BlackFideId "1184989"]
[EventDate "2025.04.16"]

1. Nf3 d5 2. d4 Nf6 3. c4 e6 4. g3 Bb4+ 5. Bd2 Bd6 6. Nc3 O-O 7. Bg2 Nc6 8. O-O
dxc4 9. Qa4 e5 10. Qxc4 exd4 11. Nxd4 Nxd4 12. Qxd4 Bxg3 13. Qxd8 Rxd8 14. hxg3
Rxd2 15. Rfd1 Rd7 16. e4 c6 17. Na4 Kf8 18. Nc5 Rxd1+ 19. Rxd1 Ke7 20. f4 Ng4
21. Rc1 f6 22. Bf3 Nh6 23. Kf2 Nf7 24. Ke3 Nd8 25. Be2 b6 26. Nd3 Be6 27. f5 Bd7
28. g4 Nf7 29. Bd1 c5 30. Bb3 Bb5 31. Bxf7 Kxf7 32. e5 fxe5 33. Nxe5+ Kf6 34.
Kf4 g5+ 35. fxg6 hxg6 36. g5+ Kg7 37. Ng4 Re8 38. Rc2 Re1 39. Rf2 Bd3 40. Nf6
Kf7 41. Rh2 Ke6 42. Ng4 Re4+ 43. Kf3 Kf5 44. Nf6 Re6 45. Nh7 Re7 46. a3 b5 47.
Rh4 Re2 48. Rf4+ Ke5 49. Nf6 Rxb2 50. Ng4+ Kd5 51. Ne3+ Ke6 52. Rf6+ Ke5 53.
Ng4+ Kd4 54. Rd6+ Kc3 55. Ne5 Rd2 56. Rc6 Kd4 57. Kf4 c4 58. Nxd3 cxd3 59. Rd6+
Kc5 60. Rd7 a5 61. Ke3 Rg2 62. Kxd3 Rxg5 63. Rc7+ Kb6 64. Rg7 Rg3+ 65. Kc2 Kc6
66. Kb2 a4 67. Ka2 Rg2+ 68. Ka1 Kd5 69. Rc7 g5 70. Kb1 g4 71. Rg7 Kc4 72. Rg5 b4
73. axb4 Kb3 0-1

[Event "9th Semana Santa Alicante"]
[Site "San Vicente ESP"]
[Date "2025.04.18"]
[Round "5.29"]
[White "Lazaro Pujol, Abel"]
[Black "Berdayes Ason, Dylan Isidro"]
[Result "1/2-1/2"]
[WhiteTitle "FM"]
[BlackTitle "GM"]
[WhiteElo "2307"]
[BlackElo "2478"]
[WhiteFideId "24596728"]
[BlackFideId "3516016"]
[EventDate "2025.04.16"]

1. e4 c5 2. Nf3 d6 3. d4 cxd4 4. Nxd4 Nf6 5. Nc3 Nc6 6. Bg5 e6 7. Qd2 a6 8.
O-O-O Be7 9. f3 Nxd4 10. Qxd4 b5 11. h4 Bb7 12. Kb1 O-O 13. Qd2 Qc7 14. Bd3 Rfc8
15. h5 b4 16. Ne2 d5 17. e5 Ne4 18. fxe4 dxe4 19. Bxe7 Qxe7 20. h6 exd3 21. Qxd3
g6 22. Qg3 Be4 23. Nd4 Rc5 24. Rhe1 Bd5 25. Rd2 a5 26. Ne2 a4 27. Nf4 b3 28.
Nxd5 bxa2+ 29. Ka1 exd5 30. Qf3 Re8 31. Red1 Qxe5 32. Rxd5 Rxd5 33. Rxd5 Qe1+
34. Rd1 Qe5 35. Rd5 Qh2 36. Qe3 Rf8 37. Rd2 Qh4 38. Rd4 Qf6 39. g4 g5 40. Rxa4
Qxh6 41. Ra5 Qh2 42. Kxa2 h6 43. Rxg5+ hxg5 1/2-1/2

[Event "9th Semana Santa Alicante"]
[Site "San Vicente ESP"]
[Date "2025.04.18"]
[Round "5.30"]
[White "Rey Martinez, Jaime"]
[Black "Diaz Perez, Michel Alejandro"]
[Result "0-1"]
[WhiteTitle "FM"]
[BlackTitle "IM"]
[WhiteElo "2302"]
[BlackElo "2474"]
[WhiteFideId "54549264"]
[BlackFideId "3517179"]
[EventDate "2025.04.16"]

1. e4 e5 2. Nf3 Nc6 3. Bb5 a6 4. Ba4 Nf6 5. O-O d6 6. c4 Bg4 7. d3 Nd7 8. Bxc6
bxc6 9. h3 Bh5 10. Be3 Bxf3 11. Qxf3 g6 12. d4 Bg7 13. Rd1 O-O 14. Nc3 Re8 15.
Rac1 Qh4 16. Qg4 Qxg4 17. hxg4 exd4 18. Bxd4 Bh6 19. Rb1 c5 20. Be3 Bxe3 21.
fxe3 Rab8 22. Rf1 Kg7 23. b3 h6 24. Rf4 Ne5 25. Rbf1 Rb7 26. Kh2 g5 27. Rf5
Nxg4+ 28. Kh3 Ne5 29. Nd5 c6 30. Nf6 Re6 31. Nh5+ Kf8 32. Rd1 a5 33. Rf2 a4 34.
bxa4 Nxc4 35. Rd3 Rxe4 36. Nf6 Rh4+ 37. Kg3 Rb4 38. a5 d5 39. a6 Nd6 40. Rb3 Ra4
41. Rb6 Ne4+ 42. Nxe4 Rhxe4 43. Rf3 Rg4+ 44. Kh3 Rgb4 0-1

[Event "9th Semana Santa Alicante"]
[Site "San Vicente ESP"]
[Date "2025.04.18"]
[Round "5.31"]
[White "Gines Esteo, Pedro Antonio"]
[Black "Filgueiras, Nathan Felipe"]
[Result "1-0"]
[WhiteTitle "GM"]
[BlackTitle "IM"]
[WhiteElo "2469"]
[BlackElo "2353"]
[WhiteFideId "32080190"]
[BlackFideId "2188562"]
[EventDate "2025.04.16"]

1. Nf3 d5 2. e3 Nf6 3. c4 e6 4. b3 c5 5. Bb2 Nc6 6. cxd5 exd5 7. Be2 d4 8. Bb5
dxe3 9. dxe3 Qxd1+ 10. Kxd1 Bg4 11. Bxc6+ bxc6 12. Bxf6 gxf6 13. Nd2 O-O-O 14.
Kc2 Rg8 15. Rhg1 Bf5+ 16. Kb2 Be7 17. Rac1 Kc7 18. h3 Bd3 19. Nc4 Be4 20. Nh4 f5
21. Nf3 Bf6+ 22. Ka3 Rb8 23. Nfe5 Bd5 24. g4 fxg4 25. hxg4 a5 26. Nd3 Rb5 27.
Ndb2 a4 28. Nxa4 Ra8 29. g5 Bg7 30. e4 Be6 31. Rh1 Rb4 32. Rxh7 Bd4 33. Nb2
Bxb2+ 34. Kxb2 Raxa4 35. f4 Ra8 36. f5 Bd7 37. Rxf7 Rxe4 38. Rd1 Rd4 39. Rxd4
cxd4 40. g6 Rg8 41. g7 Kd6 42. f6 Be6 43. Ra7 c5 44. f7 Bxf7 45. Rxf7 Ke6 46.
Rc7 Kf6 47. a4 1-0

[Event "9th Semana Santa Alicante"]
[Site "San Vicente ESP"]
[Date "2025.04.18"]
[Round "5.32"]
[White "Mitev, Valentin"]
[Black "Camacho Collados, Marcos"]
[Result "1/2-1/2"]
[WhiteTitle "FM"]
[BlackTitle "IM"]
[WhiteElo "2290"]
[BlackElo "2468"]
[WhiteFideId "2921707"]
[BlackFideId "2266237"]
[EventDate "2025.04.16"]

1. d4 Nf6 2. Nf3 d5 3. e3 c5 4. Nbd2 cxd4 5. exd4 g6 6. Ne5 Nc6 7. Bb5 Bd7 8.
Bxc6 Bxc6 9. c4 dxc4 10. Nxc6 bxc6 11. Qa4 Qd5 12. O-O Bg7 13. Nxc4 O-O 14. Be3
Ng4 15. Rfd1 Nxe3 16. Nxe3 Qb5 17. Qa3 e6 18. Rac1 Rfd8 19. Rc5 Qe2 20. Rc2 Qh5
21. Qa4 Qb5 22. Qxb5 cxb5 23. d5 Rac8 24. Rxc8 Rxc8 25. dxe6 fxe6 26. b3 Bh6 27.
Kf1 Bxe3 28. fxe3 a5 29. Ke2 Kf8 30. Rd2 Ke7 31. Kf3 Rc1 32. h3 h5 33. Ke4 b4
34. Kf3 Kf6 35. Ke4 Rc3 36. Re2 Ke7 37. Rf2 Rc1 38. Rd2 g5 39. Rf2 Rc5 40. Rd2
Rf5 41. Rc2 Kd6 42. Rd2+ Ke7 43. g4 hxg4 44. hxg4 Rc5 45. Rh2 Kd6 46. Rh8 Rc2
47. Ra8 Rxa2 48. Ra6+ Kd7 49. Ke5 Ra3 50. Kd4 Ra2 51. Ke5 Ra3 52. Kd4 Ra1 53.
Ke5 Kc7 54. Kxe6 a4 55. Kd5 Rd1+ 56. Kc4 axb3 57. Kxb3 Rb1+ 58. Kc4 Rg1 59. Kxb4 1/2-1/2

[Event "9th Semana Santa Alicante"]
[Site "San Vicente ESP"]
[Date "2025.04.18"]
[Round "5.33"]
[White "Brodowski, Piotr"]
[Black "Garcia Martin, Marta"]
[Result "1/2-1/2"]
[WhiteTitle "IM"]
[BlackTitle "IM"]
[WhiteElo "2461"]
[BlackElo "2323"]
[WhiteFideId "1124480"]
[BlackFideId "32084030"]
[EventDate "2025.04.16"]

1. Nf3 d5 2. g3 c5 3. Bg2 Nf6 4. O-O g6 5. d4 cxd4 6. Nxd4 Bg7 7. c4 O-O 8. cxd5
Nxd5 9. Nc3 Nxc3 10. bxc3 Nc6 11. Nxc6 bxc6 12. Ba3 Ba6 13. Bxc6 Qxd1 14. Rfxd1
Bxe2 15. Bxa8 Bxd1 16. Rxd1 Rxa8 17. c4 Bf8 18. Rd7 e5 19. Bxf8 Kxf8 20. Rc7 Kg7
21. a4 a5 22. Rc5 Kf6 23. Kg2 Ke6 24. Kf3 Ra6 25. g4 h6 26. Ke3 Rb6 27. Rb5 Rc6
28. c5 Kd5 29. Rxa5 f5 30. gxf5 1/2-1/2

[Event "9th Semana Santa Alicante"]
[Site "San Vicente ESP"]
[Date "2025.04.18"]
[Round "5.34"]
[White "Ashton, Adam G"]
[Black "Jain, Kashish Manoj"]
[Result "1/2-1/2"]
[WhiteTitle "FM"]
[BlackTitle "FM"]
[WhiteElo "2280"]
[BlackElo "2459"]
[WhiteFideId "410110"]
[BlackFideId "35081098"]
[EventDate "2025.04.16"]

1. e4 c5 2. Nf3 Nc6 3. Bb5 g6 4. Bxc6 bxc6 5. O-O Bg7 6. Re1 Nh6 7. c3 O-O 8. h3
d5 9. d3 c4 10. Na3 cxd3 11. Qxd3 Re8 12. e5 f6 13. Nd4 c5 14. Nc6 Qd7 15. exf6
Qxc6 16. fxg7 Nf7 17. Qb5 Bd7 18. Qxc6 Bxc6 19. Be3 c4 20. b3 cxb3 21. axb3 Kxg7 1/2-1/2

[Event "9th Semana Santa Alicante"]
[Site "San Vicente ESP"]
[Date "2025.04.18"]
[Round "5.35"]
[White "Zwirs, Nico"]
[Black "Toncheva, Nadya"]
[Result "1/2-1/2"]
[WhiteTitle "IM"]
[BlackTitle "FM"]
[WhiteElo "2457"]
[BlackElo "2318"]
[WhiteFideId "1036432"]
[BlackFideId "2924056"]
[EventDate "2025.04.16"]

1. e4 c5 2. Nf3 Nc6 3. d4 cxd4 4. Nxd4 g6 5. c4 Bg7 6. Be3 Nf6 7. Nc3 O-O 8. Be2
d6 9. O-O Bd7 10. h3 Nxd4 11. Bxd4 Bc6 12. Qc2 a5 13. b3 Nd7 14. Bxg7 Kxg7 15.
Rfd1 Qb6 16. a3 Ne5 17. Bd3 Rac8 18. Kh1 g5 19. Rd2 Qc5 20. a4 Ng6 21. Nd5 Qd4
22. Re1 Qe5 23. Ne3 Bd7 24. Be2 Rc5 25. Bg4 Bxg4 26. Nxg4 Qe6 27. Qc3+ f6 28.
Rd5 Rfc8 29. Ne3 Kf7 30. Rdd1 Qe5 31. Qc2 h5 32. Rd5 Qe6 33. Qd1 Nf4 34. Nf5 Rh8
35. Rd2 g4 36. h4 Re5 37. Nd4 Qc8 38. g3 Ne6 39. Nxe6 Qxe6 40. Rde2 Qc8 41. Kg1
Qe6 42. Qd2 Kg7 43. Qf4 Rc8 44. Rd1 Rcc5 45. Rd4 Qc8 46. Qd2 Qc6 47. Qd3 Qc8 48.
Kh2 Qe6 49. Rd5 Qc8 50. Rd4 Qe6 51. Rd5 Qc8 52. Qe3 Qe6 53. Kg2 Qc8 54. Red2 Qe6
55. Re2 Qc8 56. Red2 Qe6 57. R2d4 Qc8 58. Kg1 Qe6 59. Kh1 Qc8 60. Kh2 Qe6 61.
Kg1 Qc8 62. Kf1 Qe6 63. Ke2 Kh7 64. Kd3 Qc8 65. Rxe5 Rxe5 66. Rd5 Qc6 67. Qa7
Qc7 68. Qd4 Kg7 69. Kc3 Kf7 70. Qe3 Kg7 71. Qd4 Kf7 72. Kd2 Kg7 73. Ke2 Kf7 74.
Kf1 Kg7 75. Kg1 Kf7 76. Kg2 Kg7 77. Qe3 Qc6 78. Kh2 Qc7 79. Qd4 Kf7 80. Kg1 Kg7
81. Rxe5 dxe5 82. Qd5 b6 83. Kg2 Qc8 84. Kf1 Qc5 85. Qb7 Qb4 86. Qd7 Kf8 87.
Qd8+ Kf7 88. Qh8 Qxb3 89. Qxh5+ Kf8 90. Qh8+ Kf7 91. Qh7+ Kf8 92. Qh8+ Kf7 93.
Qh7+ Kf8 94. h5 Qxc4+ 95. Kg2 Qg8 96. Qf5 Kf7 97. Qd7 Qg5 98. Qb5 Qxh5 99. Qxb6
Qh7 100. Qc6 Kg7 101. Kg1 Qg8 102. Qc5 Qd8 103. Kg2 Kf8 104. Qc6 Kf7 105. Qc4+
e6 106. Qc5 Kg7 107. Qc6 Qd3 108. Qc7+ Kg6 109. Qxa5 Qxe4+ 110. Kg1 Qb1+ 111.
Kg2 Qe4+ 112. Kg1 Qb1+ 113. Kg2 Qe4+ 1/2-1/2

[Event "9th Semana Santa Alicante"]
[Site "San Vicente ESP"]
[Date "2025.04.18"]
[Round "5.36"]
[White "Garrido Outon, Alex"]
[Black "Dushyant, Sharma"]
[Result "0-1"]
[WhiteTitle "IM"]
[BlackTitle "IM"]
[WhiteElo "2450"]
[BlackElo "2313"]
[WhiteFideId "24516279"]
[BlackFideId "25065130"]
[EventDate "2025.04.16"]

1. e4 e5 2. Nf3 Nc6 3. Bb5 a6 4. Ba4 Nf6 5. O-O b5 6. Bb3 Bc5 7. a4 Rb8 8. c3 d6
9. d4 Bb6 10. a5 Ba7 11. Be3 Bg4 12. Nbd2 exd4 13. cxd4 O-O 14. h3 Bh5 15. Qc1
Nb4 16. Qc3 c5 17. dxc5 dxc5 18. Bg5 Nc6 19. g4 Bg6 20. Rad1 Qc7 21. Bxf6 gxf6
22. Bd5 Ne7 23. Qxf6 Nxd5 24. exd5 Rbd8 25. Rde1 Bb8 26. Ne4 Rxd5 27. Qc3 Bxe4
28. Rxe4 c4 29. Rfe1 Rd3 30. Qf6 Qd6 31. Qf5 Qf6 32. Nh4 Qxf5 33. Nxf5 Bc7 34.
Re8 Bxa5 35. Rxf8+ Kxf8 36. Ra1 Bd8 37. Rxa6 Rd2 38. Ra8 Ke8 39. Rb8 Rxb2 40.
Nd6+ Kd7 41. Rxb5 c3 0-1

[Event "9th Semana Santa Alicante"]
[Site "San Vicente ESP"]
[Date "2025.04.18"]
[Round "5.37"]
[White "Nayak, Rajesh"]
[Black "Plazuelo Pascual, Juan"]
[Result "0-1"]
[WhiteTitle "FM"]
[BlackTitle "IM"]
[WhiteElo "2277"]
[BlackElo "2449"]
[WhiteFideId "35017152"]
[BlackFideId "32059566"]
[EventDate "2025.04.16"]

1. e4 e6 2. d4 d5 3. Nc3 Nf6 4. e5 Nfd7 5. Nce2 c5 6. c3 Nc6 7. f4 a5 8. Nf3 a4
9. a3 Be7 10. g3 O-O 11. Bh3 Nb6 12. O-O Nc4 13. Qd3 cxd4 14. Nexd4 Qb6 15. Kh1
Bd7 16. Rf2 Nxd4 17. Nxd4 Bc5 18. Rg2 Rad8 19. Bg4 f6 20. exf6 Rxf6 21. Re2 Qd6
22. Qd1 Re8 23. Be3 e5 24. Bxd7 Qxd7 25. fxe5 Rxe5 26. Bf4 Bxd4 27. cxd4 Rxe2
28. Qxe2 Qe6 29. Re1 Qxe2 30. Rxe2 Kf7 31. Bd2 Re6 32. Rf2+ Rf6 33. Re2 Re6 34.
Rf2+ Kg6 35. Bc3 Re3 36. Kg2 h5 37. Rf3 Re2+ 38. Rf2 Rxf2+ 39. Kxf2 Kf5 40. h4
Kg4 41. Ke2 Kxg3 42. Be1+ Kf4 43. Kd3 Nxb2+ 44. Kc3 Nc4 45. Kb4 Ke3 46. Kxa4
Kxd4 47. Kb4 Kd3 48. Kc5 Nxa3 49. Kxd5 Nc2 50. Ba5 Nd4 51. Bb6 Nf3 52. Bd8 b5
53. Be7 Ke3 54. Bf8 g6 55. Be7 Kf4 56. Kc5 Kg4 57. Kxb5 Nxh4 58. Kc4 Nf5 59. Bf6
h4 60. Kd3 h3 61. Be5 Ng3 62. Kd4 0-1